000
00199 a2200085 4500
020
_a
9780714849959
100
_a
Peter Plagens
245
_a
Bruce Nauman: The True Artist
260
_b
Phaidon Press
_c
2014
999
_c
13248
_d
13248